| 000 | 00546nam a22001577a 4500 | ||
|---|---|---|---|
| 003 | OSt | ||
| 005 | 20151106090008.0 | ||
| 008 | 151106b xxu||||| |||| 00| 0 eng d | ||
| 040 | _cRUA | ||
| 082 | _aFOR HEN 1997 B124 Or.1 | ||
| 100 |
_93428 _aHENG, KIMCHHAY. |
||
| 245 | _ause of wildlife resources as traditional medicine in cambodia (ការប្រើប្រាស់ធនធានសត្វព្រៃជាឪសថនៅកម្ពុជា) | ||
| 260 |
_aPhnom Penh _bRUA _c1997 |
||
| 300 |
_a82p. _bill. _c29cm. |
||
| 942 |
_2ddc _cFOR |
||
| 999 |
_c3197 _d3197 |
||